000 00998cam a2200289 a 4500
001 4948013
003 CEME
005 20210628201622.0
008 960813s1998 enk b 000 0 eng d
010 _a 96086052
020 _a1853124486
035 _a(OCoLC)38935533
040 _aPSt
_cPSt
_dDLC
042 _alccopycat
050 0 0 _aTP363
_b.C645 1998
082 0 0 _a621.402/5
_221
245 0 0 _aComputer simulations in compact heat exchangers /
_ceditors, B. Sundén, M. Faghri.
260 _aSouthampton, UK ;
_aBoston :
_bComputational Mechanics Publications,
_cc1998.
300 _a254 p. :
_bill. ;
_c24 cm.
440 0 _aInternational series on developments in heat transfer ;
_vv. 1
_955723
504 _aIncludes bibliographical references.
650 0 _aHeat exchangers
_xFluid dynamics
_xComputer simulation.
_956032
650 0 _aHeat
_xTransmission
_xComputer simulation.
_956033
700 1 _aSundén, Bengt.
_956034
700 1 _aFaghri, Mohammad.
_956035
942 _2ddc
_cBK
999 _c566583
_d566583